000 00447nam a2200181Ia 4500
005 20240715045341.0
008 240331s9999 xx 000 0 und d
020 _a13910590
082 _a200.042
_bBAL
100 _aBalasuriya, T
245 0 _aMary and human liberation
260 _aColombo
_bCentre for society & religion
_c1994
300 _aiv, 52 p .,
650 _aHuman Rights
650 _aHistory
650 _areligious
942 _cL
999 _c782
_d782